书目信息 |
| 题名: |
千古名城巴比伦
|
|
| 作者: | 朱龙华 编著 | |
| 分册: | ||
| 出版信息: | 北京 商务印书馆 1982.9 |
|
| 页数: | 41页 | |
| 开本: | 20cm | |
| 丛书名: | ||
| 单 册: | ||
| 中图分类: | K124.3 | |
| 科图分类: | ||
| 主题词: | 世界史:古代史 , 奴隶制城邦 | |
| 电子资源: | ||
| ISBN: | ||
| 000 | 00567nam0 2200205 45 | |
| 001 | 0312221749 | |
| 005 | 20031222171054.0 | |
| 010 | @dCNY0.15 | |
| 100 | @a20031222d1982 km y0chiy0120 ea | |
| 101 | @achi | |
| 105 | @a z 000yy | |
| 200 | 1 | @a千古名城巴比伦@AQian Gu Ming Cheng Ba Bi Lun@f朱龙华编著@FZhu Long Hua Bian Zhu |
| 210 | @a北京@c商务印书馆@d1982.9 | |
| 215 | @a41页@d20cm | |
| 606 | 0 | @a世界史:古代史 |
| 606 | 0 | @a奴隶制城邦 |
| 690 | @aK124.3@v3 | |
| 701 | 0 | @a朱龙华@4编著 |
| 801 | @aCN@bTSTCL@c20031222 | |
| 905 | @a213230@dK124.3@e25@b80924-926@f3 | |
| 千古名城巴比伦/朱龙华编著.-北京:商务印书馆,1982.9 |
| 41页;20cm |
| ISBN :CNY0.15 |
| ● |
| 相关链接 |
|
|
|
|
正题名:千古名城巴比伦
索取号:K124.3/25
 
预约/预借
| 序号 | 登录号 | 条形码 | 馆藏地/架位号 | 状态 | 备注 |
| 1 | 0080924 | 001218961 | 密集书库/ [索取号:K124.3/25] | 在馆 | |
| 2 | 0080925 | 001218943 | 密集书库/ [索取号:K124.3/25] | 在馆 | |
| 3 | 0080926 | 001218952 | 第二借阅区/ [索取号:K124.3/25] | 在馆 |